The 48 Laws of Power (Record no. 11231)

MARC details
000 -LEADER
fixed length control field 00341nam a22001457a 4500
003 - CONTROL NUMBER IDENTIFIER
control field OSt
008 - FIXED-LENGTH DATA ELEMENTS--GENERAL INFORMATION
fixed length control field 220521b ||||| |||| 00| 0 eng d
020 ## - INTERNATIONAL STANDARD BOOK NUMBER
International Standard Book Number 978-1-8619-7278-1
082 ## - DEWEY DECIMAL CLASSIFICATION NUMBER
Classification number 152.4 GRP
100 ## - MAIN ENTRY--PERSONAL NAME
Personal name GREENE,Robert
245 ## - TITLE STATEMENT
Title The 48 Laws of Power
260 ## - PUBLICATION, DISTRIBUTION, ETC. (IMPRINT)
Place of publication, distribution, etc London
Name of publisher, distributor, etc P Profile Books
Date of publication, distribution, etc 2006
300 ## - PHYSICAL DESCRIPTION
Extent 453
942 ## - ADDED ENTRY ELEMENTS (KOHA)
Source of classification or shelving scheme Dewey Decimal Classification
Koha item type Text Books
Holdings
Withdrawn status Lost status Source of classification or shelving scheme Damaged status Not for loan Collection code Home library Current library Date acquired Source of acquisition Currency Cost, normal purchase price Bill Number Total Checkouts Full call number Acc. no. / Barcode Date last seen Date last borrowed Actual Cost, discounted price Bill Date Koha item type Public note
    Dewey Decimal Classification     GENERAL PIET C-LIBRARY PIET C-LIBRARY 20/04/2022 Kumar Stationery & Book Seller Indian Rup 699.00 35234 14 658.4092 GRL 33595 23/01/2026 16/01/2026 420.00 20/04/2022 Text Books Motivational

Design & Developed by: PIET Central Library
R70 Miles Stone Pattikalyana Samalkha Panipat 132102
mail ID :- [email protected], Phone No:- 0180-2569700 Ex.216